000 00835nam a2200253#a 4500
001 01777
003 HDC
007 ta
008 230623s2011 xx 000 0 eng d
040 _aHDC
050 _aHF5386
_b.A55 2011
245 3 _aAn idea a day... 365 great business ideas for each day of the year /
_cJim Blythe ... [et al.].
246 _aThree hundred and sixty five great business ideas
264 _aSingapore :
_bMarshall Cavendish Business,
_cc2011.
300 _axix,524p. ;
_c 22cm.
500 _aThe ideas in the book are compiled from titles in the 100 Great Ideas series published by Marshall Cavendish Business.--T.p. verso.
610 _aBlythe, Jim.
650 _aBusiness
_xMiscellanea.
650 _aSuccess in business.
942 _2lcc
942 _cBK
942 _kHF5386
942 _m.A55 2011
999 _c23339
_d23339